• 首页
  • 本馆介绍
  • 公告通知
  • 最新文献
  • 馆藏检索
  • 电子资源
  • 读者导购
  • 参考咨询
  • 我的图书馆
  • 登录
  • 详细信息显示
  • 放入我的书架
  • 预约/预借图书
  • 作者相关作品
  • 分类相关作品
  • 丛书相关作品
  • 出版社相关作品

书目信息

  • 表格格式
  • 工作单格式
  • 卡片格式
题名:
生态毒理学原理
    
 
作者: 纽曼 , Newman , 昂格尔 , Unger 著 ;赵园 , 王太平 译
分册:  
出版信息: 北京   化学工业出版社  2007
页数: 319页
开本: 26cm
丛书名: 环境科学与工程系列
单 册:
中图分类: R994.6
科图分类:
主题词: 环境毒理学
电子资源:
ISBN: 978-7-5025-8751-2
000 01415oam2 2200385 45
001 012004095096
005 20080303092222.31
009 012004095096
010    @a978-7-5025-8751-2@dCNY65.00
035    @a(110019)012006126752
100    @a20061213d2007 em y0chiy0110 ea
101 1  @achi@ceng
102    @aCN@b110000
105    @ay z 000yy
106    @ar
200 1  @a生态毒理学原理@Asheng tai du li xue yuan li@f(美)迈克尔·C.纽曼(Michael C.Newman), (美)迈克尔·A.昂格尔(Michael A.Unger)著@g赵园, 王太平译
210    @a北京@c化学工业出版社@d2007
215    @a319页@d26cm
225 2  @a环境科学与工程系列
300    @a国外优秀科技著作出版专项基金资助 国外名校名著
305    @a本书由Taylor & Francis Group, LLC.授权出版 据原书第2版译出
312    @a封面英文题名:Fundamentals of ecotoxicology
330    @a本书详细阐述了当今主要污染物以及它们在生物圈中的循环和归趋;按生态结构从低到高的顺序详细讨论了生物富集和污染物效应等内容。
461  0 @12001 @a环境科学与工程系列
510 1  @aFundamentals of ecotoxicology@zeng
606 0  @a环境毒理学
690    @aR994.6@v4
701  1 @c(美)@a纽曼@Aniu man@bM. C.@4著
701  1 @c(美)@aNewman@bMichael C.@4著
701  1 @c(美)@a昂格尔@Aang ge er@bM. A.@4著
701  1 @c(美)@aUnger@bMichael A.@4著
702  0 @a赵园@Azhao yuan@4译
702  0 @a王太平@Awang tai ping@4译
801  0 @aCN@b110019@c20080303
905    @dR994.6@e78@f4
    
    生态毒理学原理/(美)迈克尔·C.纽曼(Michael C.Newman), (美)迈克尔·A.昂格尔(Michael A.Unger)著/赵园, 王太平译.-北京:化学工业出版社,2007
    319页;26cm.-(环境科学与工程系列)
    国外优秀科技著作出版专项基金资助 国外名校名著
    
    ISBN 978-7-5025-8751-2:CNY65.00
    本书详细阐述了当今主要污染物以及它们在生物圈中的循环和归趋;按生态结构从低到高的顺序详细讨论了生物富集和污染物效应等内容。
●
相关链接 在E读中查询图书 在五车中查询图书 在当当中查询图书 在豆瓣中查询图书


正题名:生态毒理学原理     索取号:R994.6/78         预约/预借

序号 登录号 条形码 馆藏地/架位号 状态 备注
1 0614501   206145018   第二样本阅览室/ [索取号:R994.6/78] 在馆    
2 0614502   206145027   教育系资料室/ [索取号:R994.6/78] 在馆    
3 0614503   206145036   第三借阅区/ [索取号:R994.6/78] 在馆    
4 0614504   206145045   第三借阅区/ [索取号:R994.6/78] 在馆    
唐山师范学院图书馆 欢迎您!
大连网信软件有限公司© 版权所有